000 01285cab a22001935a 4500
001 L144788
008 080811e2008 fi e f u 000 0 eng d
035 _a(Sirsi) u144788
041 0 _aeng
100 1 _aSaari, Arto
245 0 0 _aPrecision refurbishment of buildings
_ba facade refurbishment case study
260 _c2008
490 _aStructural Survey
_v26(2), 2008, p. 108-119(12)
520 _aPresents a systematic refurbishment design procedure and the way of presenting design documents to allow precise refurbishment and preserve existing structures and their components parts. Develops how to produce refurbishment design documents allowing detailed specifications for the refurbishment project. Shows that the findings of this research paper are that a detailed analysis of the structure is necessary to establish a precise refurbishment procedure. Suggests that with a detailed refurbishment design included in the contract, the intentions of the client are very clear and conflicts between the contractor and the client are reduced. Concludes that it also allows to link the contractor payment instalments to completion of part of different elements of the refurbishment.
590 _aKA
651 4 _aInternational
690 _aRefurbishment
_96264
942 _n0
999 _c80587
_d80587